| 000 | 00847cam a2200241 4500 | ||
|---|---|---|---|
| 008 | 031121n2003 000 0 eng u | ||
| 020 | _a0743231562 | ||
| 035 | _a(Sirsi) u124417 | ||
| 041 | _aeng | ||
| 050 |
_a658.91 _c18 |
||
| 100 | _aMaister,David H. | ||
| 245 | _aManaging the professional service firm | ||
| 260 |
_aLondon _bFree Press _c2003 |
||
| 300 |
_axvi, 376p. _c24cm |
||
| 350 | _a14.99 | ||
| 520 | _aPaperpack edition with new introduction for 2003. An American book on the managerial problems of professional services firms and the importance of developing their client relationships and their stock of skill, talent, knowledge and ability. | ||
| 650 | _aMANAGEMENT | ||
| 650 | _aPARTNERSHIPS | ||
| 650 | _aPROFESSIONAL SERVICES | ||
| 650 | _aUNITED STATES | ||
| 690 | _aMANAGEMENT-BUSINESS MANAGEMENT | ||
| 942 | _n0 | ||
| 999 |
_c103225 _d103225 |
||